000 00976nam a2200349Ia 4500
003 OSt
005 20220912144359.0
006 a|||||r|||| 00| 0
007 ta
008 220909b |||||||| |||| 00| 0 eng d
020 _a9781466590731 (hbk)
020 _aSL01598932
024 _a193773
037 _b1443, 06/10/2015, The Book Seller
037 _cTextbook
040 _aCSL
_beng
_cCSL
041 _aeng
082 _aD65,8(B)92R, Q4 TB
100 _aVerzani John
245 0 _aUsing R for introductory statistics
250 _a2
260 _aBoca
_bRaton CRC
_c2014
300 _axiii, 502p. ill.
500 _aBibliography 489-493p.; Index 494-502p.
650 _a Bivariate data
650 _a Linear regression
650 _a Populations
650 _aUnivariate data
700 _aVerzani John
942 _hD65,8(B)92R, Q4 TB
_cTB
_2CC
999 _c6585
_d6585